| 000 | 00652nam a2200217 a 4500 | ||
|---|---|---|---|
| 001 | 20253 | ||
| 003 | CO-ViMGA | ||
| 008 | 141112s2004 ck r 000 u spa d | ||
| 020 | _a9802572713 | ||
| 040 |
_aCO-ViMGA _bspa _cCO-ViMGA |
||
| 082 | 0 | 4 | _aPOMs |
| 100 | 1 | _aPommaux, Yvan | |
| 245 | 1 | 0 |
_aEl sueño interminables : _buna investigación de John Chatterton |
| 260 |
_aCaracas : _bEdiciones Ekare, _c2002 |
||
| 300 | _a38 p. il. | ||
| 590 | _aForma de adquisición : Premio Mincultura | ||
| 650 | 1 | 4 |
_aANIMALES EN LA LITERATURA _9853 |
| 650 | 1 | 4 | _aCUENTOS INFANTILES - DETECTIVES |
| 650 | 1 | 4 |
_aLIBROS ILUSTRADOS PARA NIÑOS _92001 |
| 942 |
_2ddc _cBK |
||
| 999 |
_c9826 _d9826 |
||